| 000 | 00384nam a22001337a 4500 | ||
|---|---|---|---|
| 020 | _a0309026636 | ||
| 082 |
_a338.40973 _bNAT _cD |
||
| 245 |
_aUrban transportation economics _cNational Academy of Sciences |
||
| 260 |
_aWasington _bThe world bank _c1978 |
||
| 300 |
_avi, 260 p. : _bill, _c24 cm. |
||
| 526 |
_a0 _b0 _c0 _d338_409730000000000_NAT |
||
| 650 |
_aD _96527 |
||
| 942 |
_2ddc _cBK |
||
| 999 |
_c542110 _d542110 |
||